Основы проектирования и конструирования деталей машин: учебное пособие

מידע ביבליוגרפי
מחברים אחרים: Нилов В. А. Владимир Александрович, Рукин Ю. Б. Юрий Борисович, Жилин Р. А. Роман Анатольевич, Битюцких О. К. Ольга Константиновна
סיכום:Рассмотрены вопросы методологии проектирования и конструирования, изложены основы теории, методы расчёта и проектирования плоских стержневых механизмов. Представлены основные сведения по структурному, кинематическому и динамическому анализу механизмов. Описано вариантное проектирование привода и основы расчётов типовых деталей. Приведён пример выполнения курсового проекта по дисциплине «Основы проектирования и конструирования машин». Учебное пособие рекомендовано для студентов экономических специальностей машиностроительного профиля, а также может быть использовано студентами механических специальностей.
שפה:רוסית
יצא לאור: Старый Оскол, ТНТ, 2011
נושאים:
פורמט: MixedMaterials ספר
KOHA link:https://koha.lib.tpu.ru/cgi-bin/koha/opac-detail.pl?biblionumber=191067

MARC

LEADER 00000nam0a2200000 4500
001 191067
005 20231101224326.0
010 |a 9785941782413 
035 |a (RuTPU)RU\TPU\book\208311 
090 |a 191067 
100 |a 20110201d2011 m y0rusy50 ca 
101 0 |a rus 
102 |a RU 
105 |a a j 001zy 
200 1 |a Основы проектирования и конструирования деталей машин  |e учебное пособие  |f В. А. Нилов [и др.] 
210 |a Старый Оскол  |c ТНТ  |d 2011 
215 |a 312 с.  |c ил. 
320 |a Библиогр.: с. 309-311. 
330 |a Рассмотрены вопросы методологии проектирования и конструирования, изложены основы теории, методы расчёта и проектирования плоских стержневых механизмов. Представлены основные сведения по структурному, кинематическому и динамическому анализу механизмов. Описано вариантное проектирование привода и основы расчётов типовых деталей. Приведён пример выполнения курсового проекта по дисциплине «Основы проектирования и конструирования машин». Учебное пособие рекомендовано для студентов экономических специальностей машиностроительного профиля, а также может быть использовано студентами механических специальностей. 
606 1 |a Детали машин  |x Проектирование  |2 stltpush  |3 (RuTPU)RU\TPU\subj\9172  |9 36450 
610 1 |a методология 
610 1 |a конструирование 
610 1 |a прочность 
610 1 |a машины 
610 1 |a механизмы 
610 1 |a теория 
610 1 |a структурное исследование 
610 1 |a кинематическое исследование 
610 1 |a плоские стержневые механизмы 
610 1 |a силовой расчет 
610 1 |a машинные агрегаты 
610 1 |a динамика 
610 1 |a механические приводы 
610 1 |a вариантное проектирование 
610 1 |a типовые детали 
610 1 |a зубчатые механизмы 
610 1 |a конические зубчатые передачи 
610 1 |a курсовые проекты 
610 1 |a курсовое проектирование 
610 1 |a задания 
610 1 |a учебные пособия 
675 |a 621.81.001.63(075.8)  |v 3 
701 1 |a Нилов  |b В. А.  |g Владимир Александрович 
701 1 |a Рукин  |b Ю. Б.  |g Юрий Борисович 
701 1 |a Жилин  |b Р. А.  |g Роман Анатольевич 
701 1 |a Битюцких  |b О. К.  |g Ольга Константиновна 
801 1 |a RU  |b 63413507  |c 20110201 
801 2 |a RU  |b 63413507  |c 20200113  |g RCR 
900 |a Детали машин и основы конструирования 
942 |c BK 
951 |b 261400 
959 |a 18/20110131  |d 2  |e 400,00  |f ЧЗТЛ:1  |f УФ:1